|
|
|
|
| LEADER |
00937cam a2200265 7i4500 |
| 001 |
0000062593 |
| 005 |
20211005090000.0 |
| 020 |
|
|
|a 9781444395112 (electronic book)
|
| 090 |
0 |
0 |
|a HT111
|b .N89 2011
|
| 245 |
0 |
4 |
|a The new Blackwell companion to the city
|c edited by Gary Bridge and Sophie Watson.
|
| 264 |
|
|
|a Chichester, West Sussex:
|b John Wiley & Sons,
|c 2011.
|
| 300 |
|
|
|a 1 online resource (768 pages):
|b text file, PDF.
|
| 336 |
|
|
|a text
|2 rdacontent
|
| 337 |
|
|
|a computer
|2 rdamedia
|
| 338 |
|
|
|a online resource
|2 rdacarrier
|
| 490 |
0 |
|
|a Wiley-Blackwell companions to geography
|
| 650 |
|
0 |
|a Cities and towns
|
| 650 |
|
0 |
|a Cities and towns
|
| 655 |
|
0 |
|a Electronic books
|
| 700 |
1 |
|
|a Bridge, Gary
|
| 700 |
1 |
|
|a Watson, Sophie
|
| 856 |
4 |
2 |
|u http://library.unisel.edu.my/web/guest/mylibrary
|
| 997 |
|
|
|a Business & Accountancy, Faculty
|
| 998 |
|
|
|a Marketing, Degree
|
| 999 |
|
|
|a EBO0007454
|b EBOOK
|c EBOOK
|e Electronic resources
|